期刊信息 |
| 索取号 |
C5/PCHD
|
| 题名 |
彭城大学学报
|
| 作者 |
彭城大学学报编辑部编辑
|
| 分册号 |
|
| 分册名 |
|
| 出版地 |
彭城
|
| 出版者 |
彭城大学学报编辑部
|
| 标准刊号 |
|
| 出版频率 |
季刊
|
| 中图法分类 |
C5
|
| 主题词 |
社会科学 丛书; 社会科学 文集; 社会科学 连续出版物
|
| 电子资源 | |
| |
|
| 000 | 00649nas0 2200205 45 | |
| 001 | 0735322781 | |
| 005 | 20070724154830.50 | |
| 100 | @a20070416d km y0chiy0120 ea | |
| 101 | 0 | @achi |
| 200 | 1 | @a彭城大学学报@APeng Cheng Da Xue Xue Bao@i综合版@f彭城大学学报编辑部编辑@FPeng Cheng Da Xue Xue Bao Bian Ji Bu Bian Ji |
| 210 | @a彭城@c彭城大学学报编辑部 | |
| 326 | @a季刊 | |
| 517 | 1 | @a综合版@AZong He Ban |
| 606 | 0 | @a社会科学@x丛书 |
| 606 | 0 | @a社会科学@x文集 |
| 606 | 0 | @a社会科学@x连续出版物 |
| 690 | @aC5@v4 | |
| 711 | 02 | @a彭城大学学报编辑部@APeng Cheng Da Xue Xue Bao Bian Ji Bu@4编辑 |
| 801 | 0 | @aCN@bPFT@c20070724 |
| 905 | @aTJWY@dC5@ePCHD | |
| 彭城大学学报.综合版/彭城大学学报编辑部编辑.-彭城:彭城大学学报编辑部 |
| ● |
| 相关链接: |
|
|
|
|